| 000 | 01066nam0a2200289 4500 | ||
|---|---|---|---|
| 001 | RU\NLR\ONL1\1803 | ||
| 005 | 20260406072254.0 | ||
| 035 | _a(NLR Aleph) 009630561 | ||
| 090 |
_a9490690 _c9490690 |
||
| 100 | _a20030902d1953 |||y0rusy50 ca | ||
| 101 | 0 | _achm | |
| 102 | _aRU | ||
| 105 | _aa ||||||||| | ||
| 200 | 1 |
_aЛудшаш книга _e7 класслан _fСост. Асылбаев А. А. |
|
| 205 | _a3-шо изд. | ||
| 210 |
_aЙошкар-Ола _cКнигам лукшо марий изд. _d1953 |
||
| 215 |
_a324 с. _cил. _d23 |
||
| 541 | 1 |
_aРодная литература _eДля 7 класса _zrus |
|
| 606 | 0 |
_aМарийская литература _9998893 _3RU\NLR\auth\66378490 |
|
| 686 | 1 | _aШ5(2=Мар)я7 | |
| 702 | 1 |
_4070 _8rus _7ca _aАсылбаев _bА. А. _f1912- _gАхмет Асылбаевич _cмар. писатель _3RU\NLR\auth-onl\7767 _9130127 |
|
| 801 | 0 |
_aRU _bNLR _c20030902 _gPSBO |
|
| 852 |
_aNLR _bОНЛ _jМар.л./3-1170 |
||
| 942 | _cBOOK | ||
| 980 | _aNB | ||